Les quatuors des enfoirés - Statistiques

Statistiques générales
  • Ce quiz a été pris 36 fois
  • Le résultat moyen est 108 sur 182
Statistiques - réponses
1er(e) chanteur(se) 2e chanteur(se) 3e chanteur(se) 4e chanteur(se) Indice Titre % Correct
Alizée Claire Keim Natasha St-Pier Hélèné Ségara T Donne-moi le {temps}
100%
Claire Keim Patrick Fiori Pascal Obispo Tina Arena E {En} apesanteur
100%
Axel Bauer Patrick Fiori Michèle Laroque Patrick Bruel T {Temps} à nouveau
100%
Alizée Patrick Fiori Jenifer Natasha St-Pier E Comme des {enfants}
97%
Alizée Patrick Fiori Nolwenn Leroy Christophe Maé D Double {Je}
97%
Francis Cabrel Patrick Bruel Liane Foly Garou J Que {je} t'aime
97%
Amel Bent Claudio Capéo Kendji Girac Jenifer D Je te le {donne}
94%
Bénabar Claudio Capéo Jean-Louis Aubert Patrick Fiori B {Beau}-papa
90%
Gérard Darmon Isabelle Boulay Marc Lavoine Jenifer T Besoin de rien, envie de {toi}
90%
Christophe Willem Kad Merad Matt Pokora Michael Youn B {Born} to be alive
90%
Christophe Willem Garou Kendji Girac Slimane A Dans un {autre} monde
90%
Anne Sila Camelia Jordana Lorie Pester Nolwenn Leroy D {Dieu} m'a donné la foi
90%
Carla Bruni Zazie Raphaël Patrick Bruel Q Dis, {quand} reviendras-tu ?
90%
Gérard Jugnot Liane Foly Jean-Jacques Goldman Lorie Pester N En rouge et {noir}
90%
Black M Claudio Capéo Kad Merad Kev Adams Q Est-ce {que} tu m'aimes ?
90%
Amir Bénabar Garou Patrick Fiori V Il changeait la {vie}
90%
Bénabar Jean-Louis Aubert Patrick Bruel Garou B Il est où le {bonheur}
90%
Amel Bent Amir Camelia Jordana Patrick Fiori C Je viens te {chercher}
90%
Amel Bent Patrick Fiori Jenifer Kendji Girac F Les {feux} d'artifice
90%
Carla Bruni Christophe Willem Claudio Capéo Nolwenn Leroy F Les {filles} d'aujourd'hui
90%
Amir Thomas Dutronc Jean-Baptiste Maunier Lorie Pester M Les yeux de la {mama}
90%
Anne Sila Kendji Girac Soprano Tarek Boudali A Magic in the {air}
90%
Amir Garou Jérémy Frérot Slimane F Mon {frère}
90%
Amel Bent Jean-Jacques Goldman Patricia Kaas Christophe Maé Q N'importe {quoi}
90%
Christophe Maé Jean-Louis Aubert Patrick Bruel Jean-Baptiste Maunier N {Noir} et blanc
90%
Gérard Darmon Gérard Jugnot Marc Lavoine Michel Sardou F Oh les {filles}
90%
Axelle Red Patrick Fiori Carole Fredericks Pascal Obispo O {On} va s'aimer
90%
Christophe Maé Michèle Laroque Renan Luce Pascal Obispo P {Place} des grands hommes
90%
Amel Bent Kad Merad Ary Abittan Isabelle Nanty A Quand je t'{aime}
90%
Amel Bent Julien Clerc Claire Keim Bénabar Q {Que} serais-je sans toi
90%
Christophe Maé Jean-Louis Aubert Jenifer Zazie S {Sang} pour sang
90%
Amel Bent Jean-Jacques Goldman Raphaël Francis Cabrel S Si {seulement} je pouvais lui manquer
90%
Christophe Maé Patrick Bruel Elsa Liane Foly T {Toi} et Moi
90%
Christophe Willem Florent Pagny Zazie Claire Keim M Tu es {mon} autre
90%
Carole Fredericks Jean-Jacques Goldman Michael Jones Muriel Robin T Un, deux, {trois}
90%
Amel Bent Patrick Bruel Kendji Girac Tal V {Vivre} ou survivre
90%
Amel Bent David Hallyday Hélène Ségara Tina Arena Y I do it for {you}
87%
Alizée Jean-Louis Aubert Patrick Bruel Claire Keim P Je te {promets}
87%
Chimène Badi Jean-Louis Aubert Lara Fabian Maurane R La vie ne m'apprend {rien}
87%
Jean-Louis Aubert Julien Clerc Kendji Girac Patrick Bruel F Le {France}
87%
Jean-Jacques Goldman Patrick Bruel Johnny Hallyday Roch Voisine E L'{Envie}
87%
Catherine Lara Julien Clerc Patrick Fiori Liane Foly E L'{envie} d'aimer
87%
Axel Bauer Zazie Gad Elmaleh Jenifer A Le parking des {anges}
87%
Amir Patrick Bruel Slimane Soprano F Lettre à {France}
87%
Catherine Lara Hélène Ségara Jenifer Claire Keim Q Ne me {quitte} pas
87%
Garou Patricia Kaas Marc Lavoine Tina Arena N {Non}, je ne regrette rien
87%
Christophe Willem Claire Keim Jean-Louis Aubert Zazie S Paris-{Seychelles}
87%
Alizée Patrick Fiori Pascal Obispo Christophe Willem D Dis-{moi}
84%
Bénabar Patrick Fiori Kendji Girac Christophe Maé V Je m'en {vais}
84%
Catherine Lara Maurane Christophe Maé Patrick Bruel V Je n'attendais que {vous}
84%
Jenifer Nolwenn Leroy Maëlle Vitaa S Mourir sur {scène}
84%
Matt Pokora Nolwenn Leroy Pascal Obispo Zazie M Si {maman} si
84%
Chimène Badi Liane Foly Maurane Yannick Noah L Tu ne m'as pas {laissé} le temps
84%
Claudio Capéo Patrick Bruel Julien Clerc Kendji Girac M Un jour au {mauvais} endroit
84%
Amir Jean-Louis Aubert Patrick Bruel Slimane M All by {myself}
81%
Jean-Louis Aubert Julien Clerc Soprano Zazie C {Châtelet}-les Halles
81%
Christophe Willem Jean-Louis Aubert Pascal Obispo Patrick Bruel H Comme d'{habitude}
81%
Jenifer Liane Foly Natasha St-Pier Julie Zenatti D Il me {dit} que je suis belle
81%
Claire Keim Jean-Louis Aubert Patrick Fiori Zaz J {Jacques} a dit
81%
Alain Souchon Jean-Jacques Goldman Michael Jones Francis Cabrel P J'ai un {problème}
81%
Carla Bruni Christophe Maé Florent Pagny Nolwenn Leroy V J'envoie {valser}
81%
Jenifer Jean-Baptiste Maunier Tal Soprano I J'{irai} où tu iras
81%
Claudio Capéo Liane Foly Mimie Mathy Tal B La java de {Broadway}
81%
Francis Cabrel Zazie Natasha St-Pier Jean-Baptiste Maunier T La {tribu} de Dana
81%
Bénabar Florent Pagny Claudio Capéo Slimane A Mourir d'{aimer}
81%
Christophe Maé Michèle Laroque Claire Keim Patrick Bruel N Au coeur de la {nuit}
77%
Emile et Images Isabelle Boulay Liane Foly Laâm C {Ceux} qui n'ont rien
77%
Amir Christophe Maé Jean-Louis Aubert Jérémy Frérot P Comment est ta {peine} ?
77%
Christophe Maé Jean-Louis Aubert Claudio Capéo Thomas Dutronc D {Déjeuner} en paix
77%
Bénabar Jean-Jacques Goldman Pascal Obispo Claire Keim H Je suis un {homme}
77%
Claire Keim Liane Foly Michèle Laroque Lorie Pester J {Jour} 1
77%
David Hallyday Garou Mimie Mathy Nolwenn Leroy O Marche à l'{ombre}
77%
Elsa Patricia Kaas Lorie Pester Jenifer D Pourvu qu'elles soient {douces}
77%
Catherine Lara Elsa Lara Fabian Muriel Robin B Sur un prélude de {Bach}
77%
Jean-Jacques Goldman Julien Clerc Patrick Fiori Michael Youn C Laissez-nous {chanter}
74%
Jean-Baptiste Maunier Patricia Kaas Yannick Noah Jenifer M {Mourir} demain
74%
Christophe Willem Jérémy Frérot Julien Clerc Patrick Fiori P {Popcorn} salé
74%
Amel Bent Chimène Badi Maurane Zaz S {Someone} like you
74%
Bénabar Jean-Louis Aubert Patrick Fiori Zaz D Un homme {debout}
74%
Hélène Ségara Maurane Zazie Jenifer R Aimer est plus {fort} que d'être aimé
71%
Hélène Ségara Garou Lorie Pester Natasha St-Pier I Aimer jusqu'à l'{impossible}
71%
Céline Dion Pascal Obispo Jenifer Christophe Maé A {Argent} trop cher
71%
Anne Sila Patrick Bruel Soprano Zazie A En {apesanteur}
71%
Claudio Capéo Dany Boon Jean-Baptiste Maunier Michael Youn L La golfa {Lolita}
71%
Claire Keim Jenifer Nolwenn Leroy Zazie E La symphonie des {éclairs}
71%
Jean-Louis Aubert Yannick Noah Nadya Patrick Bruel G Le coeur trop {grand} pour moi
71%
Garou Liane Foly Maurane Gérard Darmon V Les {vieux} mariés
71%
Catherine Lara Liane Foly Laâm Mimie Mathy B Mamy {Blue}
71%
Laâm Patrick Fiori Liane Foly Garou S The {show} must go on
71%
Amir Patrick Fiori Jenifer Zazie V Dans la maison {vide}
68%
Elsa Michael Jones Jean-Baptiste Maunier Kad Merad S Education {sentimentale}
68%
Amel Bent Garou Hélène Ségara Renan Luce E {Entre} nous
68%
Christophe Willem Claire Keim Jenifer Jérémy Frérot E {Eté} 90
68%
Lorie Pester Michael Jones Mika Zaz V J'ai {vu}
68%
Jean-Louis Aubert Patricia Kaas Marc Lavoine Muriel Robin A La chanson des vieux {amants}
68%
Bénabar Grégoire Sandrine Kiberlain Mimie Mathy T La mère à {Titi}
68%
Claudio Capéo Dany Boon Gaëtan Roussel Soprano A L'{amour}
68%
Grégoire Zazie Natasha St-Pier Patrick Bruel P {Parce que} c'est toi
68%
Jenifer Mentissa Shy'm Sofia Essaidi H Une {histoire} d'amour
68%
Gérard De Palmas Maurane Yannick Noah Hélène Ségara R Prendre {racine}
65%
Bénabar Tina Arena Lorie Pester T Si tu ne me laisses pas {tomber}
65%
Amel Bent Jenifer Claire Keim Vitaa O Tout {oublier}
65%
Liane Foly Patrick Bruel Patrick Fiori Slimane Y Il a neigé sur {yesterday}
61%
Jean-Louis Aubert Patrick Bruel Nolwenn Leroy Zazie T J'ai eu trente {ans}
61%
Jenifer Lara Fabian Sofia Essaidi Vitaa E {Eblouie} par la nuit
58%
Florent Pagny Jean-Louis Aubert Patrick Bruel Jean-Baptiste Maunier E {Envole}-moi
58%
Christophe Maé Jean-Louis Aubert Zaz Zazie P Les {Paradis} perdus
58%
Elsa Emmanuelle Béart Pascal Obispo Laurent Voulzy P Message {personnel}
55%
Grégoire Jean-Louis Aubert Thomas Dutronc Zazie M {Morgane} de toi
55%
Amir Claudio Capéo Florent Pagny Jean-Louis Aubert L She's a {lady}
55%
Claire Keim Liane Foly Natasha St-Pier Zazie D {Dernière} danse
52%
Elsa Maurane Marc Lavoine Francis Cabrel H Les matins d'{hiver}
48%
Garou Julien Clerc Marc Lavoine Gérard Darmon S Oh ma jolie {Sarah}
48%
Garou Julien Clerc Maxime Le Forestier Roch Voisine P Pour le {plaisir}
48%
Bénabar Hélène Ségara Gérard Darmon Claire Keim V C'est de l'eau, c'est du {vent}
45%
Christophe Maé Gérald De Palmas Lorie Pester Tina Arena V {Voyage} au pays des vivants
45%
Claudio Capéo Lorie Pester Tal Kendji Girac M La {Même}
42%
Christophe Willem Jean-Louis Aubert Julien Clerc Soprano L Le bal des {Laze}
42%
Grégoire Michèle Laroque Shy'm Michael Youn J Le {jerk}
42%
Dany Brillant MC Solaar Pierre Palmade Marc Lavoine C Les {rois} du monde
42%
Amir Bénabar Isabelle Nanty Lorie Pester F Question de {feeling}
42%
Jean-Louis Aubert Patrick Fiori Slimane Soprano C {Combien} de murs
39%
Jenifer Maxime Le Forestier Zazie Thomas Dutronc F {Félicie} aussi
39%
Garou Michèle Laroque Nolwenn Leroy Renan Luce D La fleur aux {dents}
39%
Bénabar Camélia Jordana Lorie Pester Vianney S La {Seine}
39%
Claudia Tagbo Michèle Laroque Nolwenn Leroy Shy'm M Ta {marinière}
39%
Jenifer MC Solaar Yannick Noah Zazie J Jeune {demoiselle}
35%
Jean-Jacques Goldman Patrick Fiori Zazie Thomas Dutronc B L'homme au {bouquet} de fleurs
35%
Jean-Jacques Goldman Jean-Louis Aubert Marc Lavoine Maxime Le Forestier M {Marie}
35%
Claire Keim Michèle Laroque Lorie Pester Zazie R {Roule}
35%
Bénabar Garou Maxime Le Forestier Francis Cabrel S Dans ton {sac}
32%
Bénabar Gérard Darmon Tina Arena Nolwenn Leroy C Je n'ai pas {changé}
32%
Elsa Lorie Pester Zazie Nolwenn Leroy C Je suis de {celles}
32%
Alain Souchon Jane Birkin Sandrine Kiberlain Yves Simon P La chanson de {Prévert}
32%
Claire Keim Nolwenn Leroy Héléna Noguerra Zazie G La {grenade}
32%
Jean-Louis Aubert Pascal Obispo Michèle Laroque Tina Arena A On s'{attache}
32%
Marc Lavoine Zazie Raphaël Patrick Bruel P {Quelqu'un} m'a dit
32%
Bénabar Jenifer Claire Keim Raphaël C Une petite {cantate}
32%
Coumba Gawlo Renaud Marc Lavoine Zazie D C'est {déjà} ça
29%
Anne Sila Joyce Jonathan Sofia Essaïdi Zazie D {Désenchantée}
29%
Amir Arnaud Ducret Claudio Capéo Patrick Fiori D {Dingue}
29%
Amel Bent Anne Sila Joyce Jonathan Zazie R Le {Reste}
29%
Bénabar Julien Clerc David Hallyday Christophe Maé O L'{Orage}
29%
Jean-Baptiste Maunier Michael Jones Michèle Laroque Zaz M {Métro} (C'est trop)
29%
Christophe Willem Jean-Louis Aubert Patrick Bruel Véronique Sanson V Visiteur et {Voyageur}
29%
Jean-Louis Aubert Patrick Fiori Soprano Vianney A {Après} toi
26%
Christophe Willem Veronic Dicaire Nolwenn Leroy Jean-Baptiste Maunier C {Chandelier}
26%
Bénabar Nolwenn Leroy Thomas Dutronc Soprano D {Dommage}
26%
Christophe Maé Jenifer Nolwenn Leroy Matt Pokora H {Hello}
26%
Claire Keim Lara Fabian Nolwenn Leroy Zaz S {Secret}
26%
Christophe Maé Mimie Mathy Shy'm Tal C {Clown}
23%
Arnaud Ducret Christophe Willem Jean-Baptiste Maunier Jérémy Frérot F {Flamme}
23%
Calogero Maurane Gérard Darmon Jenifer T La {Tendresse}
23%
Claire Keim Jean-Jacques Goldman Hélène Ségara Gérard Darmon B Le {baiser}
23%
Amel Bent Liane Foly Claire Keim Zaz M {Memory}
23%
Amel Bent Kad Merad Patrick Fiori Vitaa M Si {demain}
23%
Claire Keim Kad Merad Tal Zazie U {Utile}
23%
Jean-Baptiste Maunier Julien Clerc Jenifer Zaz V {Vienne}
23%
Claire Keim Jenifer Sofia Essaïdi Zaz C {Corsica}
19%
Bénabar Jean-Louis Aubert Catherine Lara Zaz G {Gottingen}
19%
Christophe Willem Corneille Natasha St-Pier Tal H {Happy}
19%
Jenifer Patricia Kaas MC Solaar Pierre Palmade A L'{Avventura}
19%
Jean-Baptiste Maunier Jean-Jacques Goldman Zazie Jenifer B Les {bêtises}
19%
Christophe Willem Jean-Louis Aubert Julien Clerc Francis Cabrel P Les {Passantes}
19%
Christophe Maé Maurane Serge Lama Hélène Ségara O {Octobre}
19%
Amel Bent Julien Clerc Marc Lavoine Matt Pokora S {savoir}
19%
Claire Keim Patrick Fiori Florent Pagny Jenifer S {Speed}
19%
Matt Pokora Thomas Dutronc Patrick Fiori Soprano A {Andalouse}
16%
Axel Bauer Yannick Noah Michèle Laroque Natasha St-Pier D {Débarquez}-moi
16%
Jean-Jacques Goldman Jean-Louis Aubert Thomas Dutronc Zaz M La {Montagne}
16%
Axelle Red Liane Foly Karen Mulder Michèle Laroque L {Libertine}
16%
Jenifer Joyce Jonathan Vitaa Zaz P Prière {paîenne]
16%
Christophe Maé Nolwenn Leroy Zaz Patrick Bruel S {Shallow}
16%
Christophe Willem Jean-Louis Aubert Hélène Ségara Natasha St-Pier A {Amoureuse}
13%
Christophe Willem Liane Foly Matt Pokora MC Solaar B {Bella}
13%
Jean-Louis Aubert Jean-Jacques Goldman Marc Lavoine Patrick Bruel A L'{Adieu}
13%
Jean-Baptiste Maunier Jean-Louis Aubert Nolwenn Leroy Lorie Pester P Le [portrait}
13%
Alizée Patricia Kaas Thomas Dutronc Francis Cabrel M {Macumba}
13%
Francis Cabrel Jean-Louis Aubert Garou Patrick Bruel R {Rodéo}
13%
Michel Sardou Patrick Fiori Pierre Palmade Patrick Timsit G {Gabrielle}
10%
Nolwenn Leroy Patrick Fiori Pascal Obispo Tina Arena A L'{Assassymphonie}
10%
Christophe Maé Patrick Fiori Kad Merad Soprano R {Riche}
10%
Aucun quiz correspondant
Distribution des résultats
% des personnes avec chaque résultat
Percentile par nombre de réponses
Votre historique - résultats
Vous n’avez pas pris ce quiz